000 00643nam a22001937a 4500
003 OSt
005 20180906094000.0
008 180226b xxu||||| |||| 00| 0 spa d
020 _a9502009703
040 _cPJ
100 _92061
_aÁlvarez Trongé, Manuel
245 1 0 _aTécnicas de negociación para abogados /
_cManuel Álvarez Trongé; prólogo de Julio César Cueto Rúa.
260 _aBuenos Aires :
_bAbeledo - Perrot,
_c1996.
300 _a110 p.
_c18 cm.
650 0 _9267
_aDERECHO PROCESAL
650 0 _9268
_aMÉTODOS ALTERNATIVOS DE SOLUCION DE CONFLICTOS
650 0 _92062
_aABOGADOS
942 _2udc
_cLIB
_h347.925
_iALV
999 _c1375
_d1375